000 00827nam a2200253 a 4500
001 BRL_1129
005 20190320211040.0
008 141113s1976----mx-#######---#000-0#spa-#
041 _aspa
044 _amx
050 4 _aBL2370.C5
_b.E45 1976
100 1 _aEliade, Mircea
_d1907-1986
_925870
245 1 0 _aEl Chamanismo
_by las técnicas arcaicas del éxtasis
_cpor Mircea Eliade ; traducción de Ernestina de Champourcin.
250 _a2a ed.
260 _aMéxico
_bFondo de Cultura Económica
_c1976
300 _a484 p.
_c21 cm.
440 0 _aSección de obras de antropología
_925871
500 _aAu1312
500 _aTraducción de: Le Chamanisme et les : Techniques Archaiques de l´Extase.
650 1 4 _aChamanismo
_925872
700 1 _aChampourcin, Ernestina de
_etr.
_94640
902 _aGRL
942 _2lcc
_cB
999 _c9941
_d9941